| 000 | 00789nam a2200229 a 4500 | ||
|---|---|---|---|
| 001 | 000044218 | ||
| 003 | DO-SdBNP | ||
| 005 | 20180403100626.0 | ||
| 007 | 000044218 | ||
| 008 | 140610s2011 dr a 000 0 spa d | ||
| 040 |
_aBPMET _bspa _cBPMET |
||
| 100 | 1 | _aBáez Salazar, Emely | |
| 245 | 1 | 0 |
_aConversaciones con mi alma / _cEmely Báez Salazar, Emil Enriquez Báez Salarar, José Enriquez Báez Ureña. |
| 260 |
_aSanto Domingo : _bImpretur, _c2011. |
||
| 300 |
_a98 p. : _bil. ; _c24 cm. |
||
| 500 | _aIncluye datos biográficos del autor en la solapa de la contra cubierta | ||
| 700 | 1 | _aBáez Salazar, Emil Enriquez | |
| 700 | 1 | _aBáez Ureña, José Enriquez | |
| 942 |
_2ddc _cBK |
||
| 945 | _aRemanejado para la BNPHU / 2018 VM | ||
| 956 |
_aVMATEO _b10 _c20140610 _lBPMSU _h0069 |
||
| 999 |
_c7295 _d7295 |
||